| 000 | 01836nam a2200361 c 4500 | ||
|---|---|---|---|
| 003 | BLK | ||
| 005 | 20210722093957.0 | ||
| 008 | 180408b bul|||||r ||||||| ||bul|| | ||
| 010 | _aKNG00079960000 | ||
| 020 |
_a978-954-340-068-3 _bиздат.: Милениум |
||
| 040 | _aBLK | ||
| 041 |
_aBUL _cBUL |
||
| 080 |
_aБългарска литература _b821.163.2 _x-94 _z821.163.2-94 |
||
| 080 |
_aЛекарска професия. Медицински работници. Мед. деонтология. Медицинско право - Права, задължения, условия за практикуване на професията, апробация, морал и етика, взаимоотношения с колеги и па _b614.23/.26 _x(497.2)(092)(0:82-94) _z614.23/.26(497.2)(092)(0:82-94) |
||
| 080 |
_aБългарска медицинска сестра _b929 Вълчева, Кристияна _x _z929 Вълчева, Кристияна |
||
| 700 | 1 |
_aБенатова, Миролюба _eлит. обраб. _9297471 |
|
| 139 |
_aБенатова, Миролюба _bБ 37 |
||
| 245 | 1 | 0 |
_aКристияна Вълчева : Осем години заложница на Кадафи _cлит. обраб. Миролюба Бенатова. |
| 257 | _aBGR | ||
| 260 |
_аСофия _bМилениум _c2007 _fСофия : Мултипринт |
||
| 300 |
_a259 с. _bсъс сн. _c21 см |
||
| 380 | _aX | ||
| 500 | _aКн. се разпространява с в. Уикенд | ||
| 600 | 1 | 4 |
_aВълчева, Кристияна _9297472 |
| 651 | 4 |
_aБенгази _9178612 |
|
| 651 | 4 |
_aЛибия _9179136 |
|
| 653 | _aмедицински сестри | ||
| 852 | _aЦб 237422 | ||
| 856 | 4 |
_qpdf _u |
|
| 856 | 4 |
_qpdf _u |
|
| 942 |
_cKNG _n0 _01 |
||
| 944 |
_aCR _c07.12.2007 _kГеновева_Генчева |
||
| 944 |
_aED _c21.01.2009 _k |
||
| 999 |
_c75542 _d75542 |
||